• 首页
  • 本馆介绍
  • 公告通知
  • 最新文献
  • 馆藏检索
  • 电子资源
  • 读者导购
  • 参考咨询
  • 我的图书馆
  • 登录
  • 详细信息显示
  • 放入我的书架
  • 预约/预借图书
  • 作者相关作品
  • 分类相关作品
  • 丛书相关作品
  • 出版社相关作品

书目信息

  • 表格格式
  • 工作单格式
  • 卡片格式
题名:
家庭盆景
    
 
作者: 赵和文 主编
分册:  
出版信息: 北京   化学工业出版社  2017.8
页数: 157页
开本: 24cm
丛书名:
单 册:
中图分类: S688.1
科图分类:
主题词: 盆景--观赏园艺
电子资源:
ISBN: 978-7-122-29496-8
000 00872nam0 2200241 450
001 0400001802
005 20171019162334.0
010    @a978-7-122-29496-8@dCNY49.80
100    @a20170905e2017 em y0chiy50 ea
101 0  @achi
102    @aCN@b110000
105    @aa z 000yy
106    @ar
200 1  @a家庭盆景@9jia ting pen jing@f赵和文主编
210    @a北京@c化学工业出版社@d2017.8
215    @a157页@c图,彩照@d24cm
307    @a实际页数为:158
330    @a本书通过系统地介绍盆景作用与价值、主要流派、盆景树种、主要素材和工具等知识,让大家了解盆景的概况;重点介绍家庭盆景的各式分类及其制作方法,以及日常养护技术,包括水肥管理、病虫害防治等知识;最后展示了一些名家的盆景作品,供大家欣赏和借鉴。
606 0  @a盆景@x观赏园艺
690    @aS688.1@v5
701  0 @a赵和文@9zhao he wen@4主编
801  0 @aCN@b91MARC@c20171019
905    @b1025681-5@dS688.1@f5@e440
    
    家庭盆景/赵和文主编.-北京:化学工业出版社,2017.8
    157页:图,彩照;24cm
    
    
    ISBN 978-7-122-29496-8:CNY49.80
    本书通过系统地介绍盆景作用与价值、主要流派、盆景树种、主要素材和工具等知识,让大家了解盆景的概况;重点介绍家庭盆景的各式分类及其制作方法,以及日常养护技术,包括水肥管理、病虫害防治等知识;最后展示了一些名家的盆景作品,供大家欣赏和借鉴。
●
相关链接 在E读中查询图书 在五车中查询图书 在当当中查询图书 在豆瓣中查询图书


正题名:家庭盆景     索取号:S688.1/440         预约/预借

序号 登录号 条形码 馆藏地/架位号 状态 备注
1 1025681   210256818   第二样本阅览室/ [索取号:S688.1/440] 在馆    
2 1025682   210256827   密集书库-生命科学系/ [索取号:S688.1/440] 在馆    
3 1025683   210256836   第三借阅区/ [索取号:S688.1/440] 在馆    
4 1025684   210256845   第三借阅区/ [索取号:S688.1/440] 在馆    
5 1025685   210256854   第三借阅区/ [索取号:S688.1/440] 在馆    
唐山师范学院图书馆 欢迎您!
大连网信软件有限公司© 版权所有